000 00618cam a22001691 4500
001 000039324
005 20201002031610.0
008 860306s1992 sp 000 0 spa
040 _aDO-SdBNP
_bspa
_cBNPHU
100 1 _aMenendez y Pelayo, Marcelino,
_d1856-1912.
_94620
245 1 0 _aHistoria de los heterodoxos españoles /
_cMarcelino Menendez y Pelayo.
260 _aMadrid, :
_bConsejo Superiorior de Investigación Científicas.
300 _a3v. ;
_c22 cm.
500 _aLa biblioteca posee el v. 1-3
500 _aEdición Fascimil
500 _aIncluye referencias bibliográficas y notas al pie de las paginas
999 _c38814
_d38814